[Event "Muensterland Verbandsklasse-B 0405"]
[Site "Muensterland"]
[Date "2005.04.23"]
[Round "9.1"]
[White "Winking, Hendrik"]
[Black "Kipp, Lucas"]
[Result "1-0"]
[WhiteElo "1877"]
[BlackElo "1826"]
[PlyCount "73"]
[EventDate "2004.09.11"]
[EventType "team"]
[EventRounds "9"]
[EventCountry "GER"]
[SourceTitle "EXT 2006"]
[Source "ChessBase"]
[SourceDate "2005.11.24"]
[SourceVersion "1"]
[SourceVersionDate "2005.11.24"]
[SourceQuality "1"]
[WhiteTeam "Stadtlohn"]
[BlackTeam "Saerbeck II"]
[WhiteTeamCountry "GER"]
[BlackTeamCountry "GER"]

1. d4 Nf6 2. Nf3 c5 3. e3 d5 4. c3 e6 5. Bd3 Nc6 6. 0-0 Bd6 7. Nbd2 0-0 8. Re1 cxd4 9. exd4 Qc7 10. Nf1 h6 11. h3 Bd7 12. Bd2 Rfe8 13. Rc1 e5 14. dxe5 Nxe5 15. Nxe5 Bxe5 16. Be3 Bc6 17. Qb3 Qd7 18. Qb4 d4 19. cxd4 Nd5 20. Qd2 Bd6 21. a3 f5 22. Bc4 Rf8 23. Bf4 Bxf4 24. Qxf4 Kh7 25. Qd2 f4 26. Nh2 f3 27. Bxd5 Bxd5 28. g4 Rad8 29. Nf1 Be6 30. Ng3 Kh8 31. Re4 Bd5 32. Re5 Be6 33. Rce1 Bxg4 34. Re7 Qxd4 35. Qxd4 Rxd4 36. hxg4 Rxg4 37. Kf1 1-0

[Event "Muensterland Verbandsklasse-B 0405"]
[Site "Muensterland"]
[Date "2005.02.12"]
[Round "6.1"]
[White "Sparwel, Oliver"]
[Black "Winking, Hendrik"]
[Result "1/2-1/2"]
[WhiteElo "1919"]
[BlackElo "1877"]
[PlyCount "43"]
[EventDate "2004.09.11"]
[EventType "team"]
[EventRounds "9"]
[EventCountry "GER"]
[SourceTitle "EXT 2006"]
[Source "ChessBase"]
[SourceDate "2005.11.24"]
[SourceVersion "1"]
[SourceVersionDate "2005.11.24"]
[SourceQuality "1"]
[WhiteTeam "Suedlohn II"]
[BlackTeam "Stadtlohn"]
[WhiteTeamCountry "GER"]
[BlackTeamCountry "GER"]

1. Nf3 Nf6 2. g3 c5 3. Bg2 Nc6 4. 0-0 g6 5. d3 Bg7 6. c3 0-0 7. e4 d6 8. a4 Bg4 9. h3 Bd7 10. Na3 Rb8 11. Nh4 a6 12. f4 b5 13. axb5 axb5 14. f5 b4 15. Nc4 bxc3 16. bxc3 Nh5 17. Qe1 Ne5 18. Nxe5 Bxe5 19. g4 Bg3 20. Qe2 Bxh4 21. gxh5 Bf6 22. Qe1 1/2-1/2

[Event "Muensterland Verbandsklasse-B 0405"]
[Site "Muensterland"]
[Date "2004.09.11"]
[Round "1.1"]
[White "Zoern, Friedrich"]
[Black "Winking, Hendrik"]
[Result "1/2-1/2"]
[WhiteElo "1766"]
[BlackElo "1877"]
[PlyCount "44"]
[EventDate "2004.09.11"]
[EventType "team"]
[EventRounds "9"]
[EventCountry "GER"]
[SourceTitle "EXT 2006"]
[Source "ChessBase"]
[SourceDate "2005.11.24"]
[SourceVersion "1"]
[SourceVersionDate "2005.11.24"]
[SourceQuality "1"]
[WhiteTeam "Muenster IV"]
[BlackTeam "Stadtlohn"]
[WhiteTeamCountry "GER"]
[BlackTeamCountry "GER"]

1. e4 g6 2. Nf3 Bg7 3. d4 d6 4. Bc4 Nf6 5. Nbd2 0-0 6. 0-0 Bg4 7. h3 Bxf3 8. Qxf3 Nc6 9. c3 e5 10. Nb3 Nd7 11. d5 Ne7 12. Bd3 f5 13. Qe2 f4 14. f3 h6 15. Bb5 Nf6 16. Qf2 Nh5 17. Rd1 Bf6 18. Bd2 g5 19. Be1 Ng6 20. Bf1 Be7 21. c4 b6 22. a4 Nf6 1/2-1/2